000 00726nam a2200289Ia 4500
005 20260324112852.0
008 008 260324s9999 xx 000 0 eng d
020 _a9781032648408
037 _aEBOOK
040 _aCRL
040 _beng
040 _cCRL
041 _2eng
041 _aeng
084 _qCRL
100 _aChristopher J. Sloan; Sarah Beal
_91144472
245 0 _aEstablishing a Yearlong Teacher Residency
245 2 _bA Roadmap for Transforming Educator Preparation
260 _bTaylor and Francis
260 _c2024
365 _a
365 _b240
856 _uhttp://www.taylorfrancis.com/books/9781032648408
942 _cEBOOK
999 _c1733849
_d1733849